| 000 | 01274nam0a2200277 4500 | ||
|---|---|---|---|
| 001 | RU\NLR\bibl\515270 | ||
| 005 | 20260405134839.0 | ||
| 010 |
_a5-88575-093-9 _91000 |
||
| 035 | _a(NLR Aleph) 000507713 | ||
| 090 |
_a1213484 _c1213484 |
||
| 100 | _a20040426d2003 |||y0rusy50 ca | ||
| 101 | 0 | _arus | |
| 102 | _aRU | ||
| 105 | _aa ||||||||| | ||
| 200 | 1 |
_aЖивотные _eУчеб. пособие по биологии для общеобразоват. учеб. заведений и поступающих в вузы _fВ.Г. Каплин _gМ-во образования Рос. Федерации, ФГОУ ВПО Самар. гос. с.-х. акад. |
|
| 210 |
_aСамара _cСамар. гос. с.-х. акад. _d2003 |
||
| 215 |
_a129 с. _cил. _d20 |
||
| 606 | 0 |
_aЗоология _jРуководства, пособия и т.п. _9896359 _3RU\NLR\auth\664910 |
|
| 606 | 0 |
_aЗоология _jУчебные издания для средней школы _9896359 _3RU\NLR\auth\664910 |
|
| 686 | _aЕ6я721 | ||
| 700 | 1 |
_4070 _7ca _8rus _aКаплин _bВ. Г. _f1948- _gВладимир Григорьевич _938251 _3RU\NLR\auth\7755319 |
|
| 801 | 0 |
_aRU _bNLR _c20040426 _gPSBO |
|
| 801 | 1 |
_aRU _bNLR _c20040426 |
|
| 942 | _cBOOK | ||
| 980 | _aNB | ||